000 00555nam a2200229Ia 4500
003 OSt
005 20221005120015.0
006 a|||||r|||| 00| 0
007 ta
008 221004b |||||||| |||| 00| 0 eng d
024 _a70408
037 _cTextual
040 _aCRL
_cCRL
_beng
041 _2eng
_aeng
082 _aY1:1:4, H0
100 _aTagore Rabindranath
245 0 _aCrisis in civilisation
260 _c1940
650 _aSOCIOLOGY
942 _hY1:1:4, H0
_cTEXL
_2cc
999 _c1036547
_d1036547